000 00317nam a22001457a 4500
008 230524b ||||| |||| 00| 0 eng d
020 _a9782351786789
041 _aFRA
080 _a82
082 _a82ZAH
100 _a38
101 _aGJL
245 _aUNE ASSEMBLEE DE CHACALS
_cZAHLER .C .S
942 _2udc
_cBK
999 _c59822
_d59822